History Quiz

Random History or Politics Quiz

Earliest to Most Recent: Africa Quiz Stats

 Plays Quiz not verified by Sporcle

Score 0/15 Timer 04:00
0 Plays Today
% Correct
Great Pyramid of Giza first constructed
82.8%
Cleopatra crowned as Pharaoh of Egypt
80.9%
South Sudan gained independence
72.6%
'Scramble for Africa' began
70.3%
Musa I of Mali crowned as Mansa of Mali
69.6%
Beginning of Second Italo-Ethiopian War
61.6%
Deactivation of Lighthouse of Alexandria
61.6%
Formation of Belgian Congo
61%
% Correct
End of apartheid in South Africa
59.9%
Kofi Annan became UN Secretary-General
52.1%
Haile Selassie crowned Emperor of Ethiopia
46.2%
The Gambia gained independence from UK
41.5%
African Union was formed
41.1%
Beginning of Angolan Civil War
38.6%
Namibia gained independence from South Africa
29%

You're not logged in!

Compare scores with friends on all Sporcle quizzes.
OR
Log In

Sporcle TV

Today on Sporcle TV


Watch our educational content, quiz creation guides, and fun videos on Sporcle TV.

Show Comments

Extras

Top Quizzes Today


Score Distribution

Your Account Isn't Verified!

In order to create a playlist on Sporcle, you need to verify the email address you used during registration. Go to your Sporcle Settings to finish the process.

Report this User

Report this user for behavior that violates our Community Guidelines.

Details: